Top FIFA 23 Brazil Cards - Statistics

General Stats
  • This quiz has been taken 52 times
  • The average score is 169 of 250
Answer Stats
Team Player % Correct
Paris Saint-Germain CAM Neymar 99
100%
Paris Saint-Germain LW Neymar 96
100%
Paris Saint-Germain CAM Neymar 91
100%
Paris Saint-Germain CAM Neymar 90
100%
Brazil LW Neymar 89
100%
Paris Saint-Germain LW Neymar 89
100%
Liverpool GK Alisson Becker 98
98%
Liverpool GK Alisson Becker 92
98%
Brazil GK Alisson Becker 89
98%
Liverpool GK Alisson Becker 89
98%
Icon LW Pele 99
98%
Icon CAM Pele 98
98%
Icon CF Pele 96
98%
Icon CF Pele 95
98%
Icon CF Pele 91
98%
Icon LB Roberto Carlos 97
93%
Icon LB Roberto Carlos 92
93%
Icon LB Roberto Carlos 91
93%
Icon LB Roberto Carlos 90
93%
Icon LB Roberto Carlos 88
93%
Icon LB Roberto Carlos 86
93%
Icon CAM Ronaldinho 98
93%
Icon LW Ronaldinho 95
93%
Icon LW Ronaldinho 94
93%
Icon CAM Ronaldinho 91
93%
Icon CAM Ronaldinho 89
93%
Icon ST Ronaldo 97
93%
Icon ST Ronaldo 96
93%
Icon ST Ronaldo 95
93%
Icon ST Ronaldo 94
93%
Icon ST Ronaldo 90
93%
Real Madrid RW Rodrygo 96
91%
Real Madrid RW Rodrygo 93
91%
Real Madrid RW Rodrygo 90
91%
Real Madrid RW Rodrygo 87
91%
Real Madrid RW Rodrygo 85
91%
Brazil RW Rodrygo 82
91%
Real Madrid RW Rodrygo 81
91%
Real Madrid LW Vinicius Junior 98
91%
Real Madrid LW Vinicius Junior 95
91%
Real Madrid LW Vinicius Junior 92
91%
Real Madrid LW Vinicius Junior 91
91%
Real Madrid LW Vinicius Junior 90
91%
Brazil LW Vinicius Junior 86
91%
Real Madrid LW Vinicius Junior 86
91%
Icon RWB Cafu 93
89%
Icon RB Cafu 92
89%
Icon RB Cafu 90
89%
Icon RB Cafu 88
89%
Manchester City GK Ederson 91
89%
Manchester City GK Ederson 90
89%
Brazil GK Ederson 89
89%
Manchester City GK Ederson 89
89%
Arsenal ST Gabriel Jesus 97
89%
Arsenal ST Gabriel Jesus 93
89%
Arsenal RW Gabriel Jesus 89
89%
Arsenal ST Gabriel Jesus 88
89%
Arsenal ST Gabriel Jesus 86
89%
Brazil ST Gabriel Jesus 84
89%
Arsenal ST Gabriel Jesus 84
89%
Arsenal LM Gabriel Martinelli 96
89%
Arsenal LM Gabriel Martinelli 94
89%
Arsenal LW Gabriel Martinelli 93
89%
Arsenal LM Gabriel Martinelli 91
89%
Arsenal LM Gabriel Martinelli 84
89%
Brazil LM Gabriel Martinelli 80
89%
Paris Saint-Germain CB Marquinhos 95
89%
Paris Saint-Germain CB Marquinhos 91
89%
Paris Saint-Germain CB Marquinhos 90
89%
Paris Saint-Germain CB Marquinhos 89
89%
Brazil CB Marquinhos 88
89%
Paris Saint-Germain CB Marquinhos 88
89%
Real Madrid CB Eder Militao 95
86%
Real Madrid CB Eder Militao 94
86%
Real Madrid CB Eder Militao 88
86%
Real Madrid CB Eder Militao 87
86%
Brazil CB Eder Militao 84
86%
Real Madrid CB Eder Militao 84
86%
Aston Villa CB Diego Carlos 95
84%
Aston Villa CB Diego Carlos 84
84%
Tottenham Hotspur RW Richarlison 94
84%
Tottenham Hotspur ST Richarlison 90
84%
Tottenham Hotspur ST Richarlison 88
84%
Tottenham Hotspur ST Richarlison 86
84%
Brazil ST Richarlison 82
84%
Tottenham Hotspur ST Richarlison 81
84%
Icon ST Garrincha 98
82%
Icon RW Garrincha 94
82%
Icon RW Garrincha 93
82%
Icon RW Garrincha 92
82%
Icon RW Garrincha 90
82%
West Ham United CAM Lucas Paqueta 92
82%
West Ham United CM Lucas Paqueta 88
82%
West Ham United CAM Lucas Paqueta 87
82%
Brazil CAM Lucas Paqueta 84
82%
West Ham United CAM Lucas Paqueta 82
82%
Chelsea ST Thiago Silva 92
82%
Chelsea CB Thiago Silva 88
82%
Chelsea CB Thiago Silva 88
82%
Brazil CB Thiago Silva 86
82%
Chelsea CB Thiago Silva 86
82%
Chelsea CB Thiago Silva 85
82%
Manchester United CM Fred 88
80%
Manchester United LM Fred 87
80%
Manchester United CDM Fred 84
80%
Brazil CM Fred 81
80%
Manchester United CM Fred 80
80%
Manchester United CDM Casemiro 94
77%
Manchester United CDM Casemiro 92
77%
Manchester United CDM Casemiro 91
77%
Manchester United CM Casemiro 91
77%
Manchester United CDM Casemiro 90
77%
Brazil CDM Casemiro 89
77%
Manchester United CDM Casemiro 89
77%
Hero CB Lucio 98
77%
Hero CB Lucio 91
77%
Hero CB Lucio 90
77%
Hero CB Lucio 89
77%
Liverpool CF Roberto Firmino 93
77%
Liverpool CF Roberto Firmino 91
77%
Liverpool CF Roberto Firmino 84
77%
Arsenal CB Gabriel Magalhaes 84
75%
Arsenal CB Gabriel Magalhaes 81
75%
Valencia CB Gabriel Paulista 82
73%
Icon RW Jairzinho 93
73%
Icon RW Jairzinho 92
73%
Icon RW Jairzinho 90
73%
Icon RW Jairzinho 88
73%
Icon CAM Kaka 94
73%
Icon CAM Kaka 93
73%
Icon CAM Kaka 91
73%
Icon CAM Kaka 89
73%
Icon CAM Kaka 87
73%
Icon RB Carlos Alberto 93
70%
Icon RB Carlos Alberto 90
70%
Icon CB Carlos Alberto 87
70%
Aston Villa CDM Douglas Luiz 89
70%
Aston Villa CDM Douglas Luiz 88
70%
Aston Villa CDM Douglas Luiz 87
70%
Icon CM Socrates 95
70%
Icon CAM Socrates 91
70%
Icon CAM Socrates 89
70%
Icon CAM Socrates 87
70%
Juventus CB Bremer 93
68%
Juventus CB Bremer 87
68%
Juventus CB Bremer 86
68%
Juventus CB Bremer 85
68%
Juventus CB Bremer 84
68%
Newcastle United CM Bruno Guimaraes 93
68%
Newcastle United CM Bruno Guimaraes 91
68%
Newcastle United CM Bruno Guimaraes 89
68%
Newcastle United CM Bruno Guimaraes 84
68%
Brazil CM Bruno Guimaraes 82
68%
Newcastle United CM Bruno Guimaraes 81
68%
Aston Villa CAM Philippe Coutinho 96
68%
Aston Villa CAM Philippe Coutinho 88
68%
Aston Villa CAM Philippe Coutinho 82
68%
Icon LW Rivaldo 93
68%
Icon LW Rivaldo 92
68%
Icon CF Rivaldo 90
68%
Icon CAM Rivaldo 87
68%
Juventus LB Alex Sandro 89
66%
Brazil LB Alex Sandro 81
66%
Juventus LB Alex Sandro 80
66%
Liverpool CDM Fabinho 89
66%
Brazil CDM Fabinho 87
66%
Liverpool CDM Fabinho 87
66%
Manchester United RW Antony 88
64%
Manchester United RW Antony 86
64%
Brazil RW Antony 84
64%
Manchester United RW Antony 82
64%
Barcelona RW Raphinha 92
64%
Barcelona RW Raphinha 88
64%
Barcelona RW Raphinha 86
64%
Brazil RW Raphinha 84
64%
Barcelona RW Raphinha 84
64%
Juventus CB Danilo 89
61%
Juventus CB Danilo 87
61%
Brazil RB Danilo 81
61%
Juventus RB Danilo 80
61%
Tottenham Hotspur RW Lucas Moura 88
61%
Tottenham Hotspur RW Lucas Moura 80
61%
Al-Nassr CAM Anderson Talisca 93
59%
Al-Nassr ST Anderson Talisca 87
59%
Al-Nassr CF Anderson Talisca 82
59%
Newcastle United CM Joelinton 89
59%
Brazil RB Dani Alves 88
57%
Brazil RB Dani Alves 80
57%
Tottenham Hotspur RWB Emerson Royal 88
55%
Tottenham Hotspur RWB Emerson Royal 84
55%
Sevilla LB Alex Telles 89
52%
Sevilla LB Alex Telles 85
52%
Brazil LB Alex Telles 81
52%
Sevilla LB Alex Telles 80
52%
Wolverhampton Wanderers ST Matheus Cunha 89
52%
Wolverhampton Wanderers ST Matheus Cunha 81
52%
Atletico Madrid ST Matheus Cunha 81
52%
Sevilla CDM Fernando 90
50%
Sevilla CDM Fernando 84
50%
Lazio RW Felipe Anderson 87
48%
Shanghai Port CAM Oscar 81
48%
Nottingham Forest LB Renan Lodi 80
48%
Monaco LB Caio Henrique 94
45%
Monaco LB Caio Henrique 92
45%
Monaco LB Caio Henrique 84
45%
Watford ST Joao Pedro 92
43%
Bournemouth GK Norberto Neto 81
43%
Liverpool CM Arthur Melo 80
41%
Nottingham Forest CB Felipe 81
41%
Atletico Madrid CB Felipe 81
41%
Fiorentina RB Dodo 85
36%
Fiorentina RB Dodo 84
36%
Brazil ST Pedro 81
36%
Al-Nassr CDM Luiz Gustavo 90
34%
Al-Nassr CDM Luiz Gustavo 81
34%
Monaco RB Vanderson 88
34%
Monaco RW Vanderson 88
34%
Porto LM Wenderson Galeno 93
34%
Porto LM Wenderson Galeno 88
34%
Porto LM Wenderson Galeno 84
34%
Everton CDM Allan 80
32%
Nice ST Dante 88
32%
Nice CB Dante 84
32%
Orlando City ST Alexandre Pato 86
27%
Al-Ittihad CF Romarinho 91
27%
Benfica CAM David Neres 84
25%
Eintracht Frankfurt CB Tuta 85
25%
Bayer Leverkusen LM Paulinho 84
23%
Rio Ave CB Aderllan Santos 94
20%
Al-Ittihad GK Marcelo Grohe 88
18%
Nantes RB Fabio 86
16%
Trabzonspor RB Bruno Peres 82
14%
Lecce RW Gabriel Strefezza 90
14%
Daegu CAM Cesinha 81
11%
Wuhan Three Towns LW Davidson 94
11%
Brazil RW Everton Ribeiro 81
11%
PSV RW Savio 87
11%
Espanyol CDM Vinicius Souza 87
9%
Al-Ittihad CAM Igor Coronado 85
7%
Lille LB Ismaily 85
7%
Girona CAM Reinier 85
7%
Almeria CB Rodrigo Ely 84
7%
Brazil GK Weverton 84
7%
New York Red Bulls GK Carlos Coronel 86
5%
Al-Ain LB Erik 88
5%
New York City CB Thiago Martins 87
5%
Fenerbahce CDM Willian Arao 84
5%
Inter Miami CAM Gregore 85
2%
Konyaspor LB Guilherme Sitya 84
2%
New York Red Bulls LM Luquinhas 85
2%
No matching quizzes found
Score Distribution
Percent of People with Each Score
Percentile by Number Answered
Your Score History
You have not taken this quiz